000
00301nam a22001337a 4500
008
170713b xxu||||| |||| 00| 0 eng d
020
_a
9780933029842
041
_a
eng
080
_a
038
100
_a
23
101
_a
FJA
245
_a
THE HERDER DICTIONARY SYMBOLS
_c
THAN.M
942
_2
udc
_c
BK
999
_c
20454
_d
20454